000
00314nam a2200109Ia 4500
008
220204s9999 xx 000 0 und d
082
_a
82-3
_b
LUD
100
_a
Ludlum, Robert
245
0
_a
Gemini contenders
700
_a
Ludlum, Robert
942
_c
BK
999
_c
30404
_d
30404